000 00792 a2200217 4500
010 _aENG-89287
020 _a9788131303368
_c900.00
035 _aEN-72820
037 _bDBAD / PUB
082 1 4 _a634.907
090 _c10701
_d10701
100 1 _aJha, L.K.
245 1 _aA manual of forestry extension education/
_cby L.K. Jha and P.K. Sen-Sarma
260 _aNew Delhi
_bAPH Publishing Corporation
_c2008
270 _a4435-36/7, Ansari Road, Darya Ganj,
_bNew Delhi
_cDelhi
_e110002
_k23274050
_maphbook@vsnl.net
300 _axii, 386 p.
_c23 cm (Hb)
500 _aIncludes bibliographical references and index
700 1 _aSen-Sarma, P.K.
942 _adpl
_cEN
_k634.907/ JHA
999 _c10406
_d10406